<?xml version="1.0" encoding="UTF-8"?>
<record
    xmlns:xsi="http://www.w3.org/2001/XMLSchema-instance"
    xsi:schemaLocation="http://www.loc.gov/MARC21/slim http://www.loc.gov/standards/marcxml/schema/MARC21slim.xsd"
    xmlns="http://www.loc.gov/MARC21/slim">

  <leader>01345nam a2200217   4500</leader>
  <controlfield tag="003">CO-ViMGA</controlfield>
  <datafield tag="020" ind1=" " ind2=" ">
    <subfield code="a">9789583034251</subfield>
  </datafield>
  <datafield tag="040" ind1=" " ind2=" ">
    <subfield code="a">CO-ViMGA</subfield>
    <subfield code="b">spa</subfield>
    <subfield code="c">CO-ViMGA</subfield>
  </datafield>
  <datafield tag="082" ind1="0" ind2="4">
    <subfield code="a">I 910.452 </subfield>
    <subfield code="b">C599h</subfield>
  </datafield>
  <datafield tag="100" ind1="1" ind2=" ">
    <subfield code="a">Clarke, Penny</subfield>
    <subfield code="9">702</subfield>
  </datafield>
  <datafield tag="245" ind1="1" ind2="0">
    <subfield code="a">La historia de los naufragios y otros desastres mar&#xED;timos :</subfield>
    <subfield code="b">naufragios, barcos fantasmas y nav&#xED;os abandonados /</subfield>
    <subfield code="c">Penny Clarke ; traducci&#xF3;n Mar&#xED;a Patricia Esguerra</subfield>
  </datafield>
  <datafield tag="260" ind1=" " ind2=" ">
    <subfield code="a">Bogota :</subfield>
    <subfield code="b">Panamericana Editorial, </subfield>
    <subfield code="c">2010.</subfield>
  </datafield>
  <datafield tag="300" ind1=" " ind2=" ">
    <subfield code="a">64 p. :</subfield>
    <subfield code="b">il. ; color</subfield>
  </datafield>
  <datafield tag="490" ind1=" " ind2=" ">
    <subfield code="a">Aventuras en el mundo real</subfield>
  </datafield>
  <datafield tag="500" ind1=" " ind2=" ">
    <subfield code="a">Las batallas navales han sido las responsables de muchos naufragios a trav&#xE9;s de la historia; sin embargo, otros factores como vientos aulladores, olas embravecidas o piratas merodeando han hecho que los barcos enfrenten tantos peligros que es una suerte que, a&#xFA;n hoy en d&#xED;a, no ocurran m&#xE1;s desastres. Pero los naufragios no son los &#xFA;nicos misterios n&#xE1;uticos. &#xBF;Qu&#xE9; pas&#xF3; con la tripulaci&#xF3;n del Mary Celeste?, &#xBF;cu&#xE1;l es la leyenda del Flying Dutchman? Historias de misteriosas desapariciones y monstruos marinos han aterrorizado a los navegantes de todos los tiempos. </subfield>
  </datafield>
  <datafield tag="534" ind1=" " ind2=" ">
    <subfield code="p">Titulo original</subfield>
    <subfield code="t">The story of doomed ships</subfield>
  </datafield>
  <datafield tag="650" ind1="1" ind2="4">
    <subfield code="a">Accidentes marinos</subfield>
    <subfield code="9">711</subfield>
  </datafield>
  <datafield tag="650" ind1="1" ind2="4">
    <subfield code="a">Naufragios</subfield>
    <subfield code="x">Historia</subfield>
    <subfield code="9">712</subfield>
  </datafield>
  <datafield tag="700" ind1="1" ind2=" ">
    <subfield code="a">Esguerra, Maria Patricia</subfield>
    <subfield code="e">tr.</subfield>
    <subfield code="9">40</subfield>
  </datafield>
  <datafield tag="942" ind1=" " ind2=" ">
    <subfield code="2">ddc</subfield>
    <subfield code="c">BK</subfield>
  </datafield>
  <datafield tag="999" ind1=" " ind2=" ">
    <subfield code="c">37281</subfield>
    <subfield code="d">37281</subfield>
  </datafield>
  <datafield tag="952" ind1=" " ind2=" ">
    <subfield code="0">0</subfield>
    <subfield code="1">0</subfield>
    <subfield code="2">ddc</subfield>
    <subfield code="4">0</subfield>
    <subfield code="7">0</subfield>
    <subfield code="8">008</subfield>
    <subfield code="a">MEVIECAR</subfield>
    <subfield code="b">MEVIECAR</subfield>
    <subfield code="d">2020-04-07</subfield>
    <subfield code="l">1</subfield>
    <subfield code="m">2</subfield>
    <subfield code="o">I 910.452 C599h</subfield>
    <subfield code="p">33190</subfield>
    <subfield code="r">2022-11-29 00:00:00</subfield>
    <subfield code="s">2022-11-08</subfield>
    <subfield code="w">2020-04-07</subfield>
    <subfield code="y">BK</subfield>
  </datafield>
  <datafield tag="952" ind1=" " ind2=" ">
    <subfield code="0">0</subfield>
    <subfield code="1">0</subfield>
    <subfield code="2">ddc</subfield>
    <subfield code="4">0</subfield>
    <subfield code="7">0</subfield>
    <subfield code="8">008</subfield>
    <subfield code="a">MEVIECAR</subfield>
    <subfield code="b">MEVIECAR</subfield>
    <subfield code="d">2020-04-07</subfield>
    <subfield code="l">0</subfield>
    <subfield code="o">I 910.452 C599h</subfield>
    <subfield code="p">33191</subfield>
    <subfield code="r">2020-04-07 00:00:00</subfield>
    <subfield code="w">2020-04-07</subfield>
    <subfield code="y">BK</subfield>
  </datafield>
  <datafield tag="952" ind1=" " ind2=" ">
    <subfield code="0">0</subfield>
    <subfield code="1">0</subfield>
    <subfield code="4">0</subfield>
    <subfield code="7">0</subfield>
    <subfield code="8">014</subfield>
    <subfield code="a">MEVIGERR</subfield>
    <subfield code="b">MEVIGERR</subfield>
    <subfield code="c">REF</subfield>
    <subfield code="d">2012-07-03</subfield>
    <subfield code="o">R 940.452 C41h</subfield>
    <subfield code="p">ECA21341</subfield>
    <subfield code="r">2024-11-26 10:41:34</subfield>
    <subfield code="t">Ej.1</subfield>
    <subfield code="w">2024-11-26</subfield>
    <subfield code="y">BK</subfield>
    <subfield code="z">16185 | 20938</subfield>
  </datafield>
</record>
